000 01348nam a2200421 i 4500
001 8074
003 KOSZ 005
005 20221024112720.0
008 070917s1969 pl a f 001 0 pol
015 _aPB 1960/8743
040 _aWA N
_cWA N
_dKOSZ 005/RW
_dKOSZ 005/HR
046 _k1969
080 _a620.1
080 _a621.798
080 _a656.5
100 1 _aZawadzki, Jerzy
_d(1926-1997)
_eAutor
245 1 0 _aOchrona czasowa metali /
_cJ. Zawadzki.
260 _aWarszawa :
_bWydawnictwa Naukowo Techniczne,
_c1969.
300 _a238, [2] s. :
_bil., err. ;
_c23 cm.
336 _2rdacontent
_aTekst
_btxt
337 _2rdamedia
_aBez urządzenia pośredniczącego
_bn
338 _2rdacarrier
_aWolumin
_bnc
380 _aKsiążki
388 _a1901-2000
388 _a1945-1989
490 1 _aOchrona przed Korozją
504 _aBibliogr. przy rozdz. Indeks.
650 4 _aKorozja i erozja
650 4 _aMetale
650 4 _aOchrona i konserwacja
650 4 _aTransport
650 4 _aWyroby z metalu
658 _aInżynieria i technika
710 2 _aWydawnictwa Naukowo-Techniczne
_4pbl.
830 0 _aOchrona Przed Korozją
856 _uhttp://koha.tu.koszalin.pl/cgi-bin/koha/opac-detail.pl?biblionumber=8074
_yKatalog online BPK
942 _2UKD
_cKS
999 _c8074
_d8074